Normal view
MARC view
Entry Personal Name
001 - CONTROL NUMBER
- control field: 467
003 - CONTROL NUMBER IDENTIFIER
- control field: BD-RjUL
005 - DATE AND TIME OF LATEST TRANSACTION
- control field: 20220103115906.0
008 - FIXED-LENGTH DATA ELEMENTS
- fixed length control field: 220103|| aca||aabn | a|a d
040 ## - CATALOGING SOURCE
- Original cataloging agency: BD-RjUL
- Transcribing agency: BD-RjUL
100 ## - HEADING--PERSONAL NAME
- Personal name: Mujibur Rahman, Sheikh,
- Titles and other words associated with a name: 1920-1975
- Dates associated with a name: 1920-1975
670 ## - SOURCE DATA FOUND
- Source citation: Work cat.: (BD-RjUL)79106: নিউটন, জুলফিকার 165, বঙ্গবন্ধু গান্ধী লেনিন / , ২০০৯, [মুদ্রণ ২০১৯]